00390nam a22001097a 4500082001400000100002000014245014300034260003500177300001700212650003200229700001900261 a005.1,ZAI aZainab, Naureen aDevelopmet of Web based GIS Alert System for Informing Environment Risk of Dengue Infections in Major Cities of Pakistan /cNaureen Zainab aRawalpinidbMCS - NUST, c2014 a87 p. ; 30cm aComputer Science-MS-Thesis  aDr, Fahim Arif